000 00694nam a2200241Ia 4500
003 OSt
005 20220918223522.0
006 a|||||r|||| 00| 0
007 ta
008 220917b |||||||| |||| 00| 0 eng d
024 _a223,125
037 _cTextual
040 _aARTS
_cARTS
_beng
041 _2eng
_aeng
082 _aY:1:7.1, P1
100 _aSurya Kant ...(..et..al...) Ed.
_9145931
245 0 _aReinventing regional development
_b Festchrift to honour Gopal Krishan
260 _aJaipur
_bRawat pub.
_c2004
300 _aix, 463p
_ccm.
650 _aSOCIOLOGY
942 _hY:1:7.1, P1
_cTEXL
_2CC
999 _c278686
_d278686